000 00301nam a2200121 i 4500
001 bg
245 0 _aVoprosy metallovedenija i korrozji metallov /
_cpod. red. F.N. Tavadze.
260 _aTbilisi,
_c1974.
040 _cBPK
041 _apol
942 _cKS
008 s pl f |000 0 pol
999 _c16028
_d16028
856 _uhttp://koha.tu.koszalin.pl/cgi-bin/koha/opac-detail.pl?biblionumber=16028
_yKatalog online BPK